000 00680 a2200217 4500
010 _aTML-30801
020 _c420.00
035 _aTM-29040
037 _bD.B.Act / pub /
082 _a494.8113
090 _c10427
_d10427
245 _a திருமகள் தமிழகராதி
246 _aThirumagal Tamilagaradhi
_bby
250 _a3rd
260 _aChennai
_bThirumagal Nilayam
_c2007
270 _a16, Ve3nkatanarayana Road, T. Nagar
_bChennai
_e600017
300 _a942p
_b22cm
650 _aTamil Literature
_xDictiionary
942 _cTM
_k494.8113 / THI
999 _c10164
_d10164